01574cam a2200361 a 4500952014000000999001700140001000900157003000400166005001700170008004100187010001700228020001800245025004100263037005300304040001900357042001500376043001200391050002300403082002200426111011600448245011600564260004200680300002800722504005100750520015700801610002300958650004400981651003801025700002701063700002701090906004501117942005001162 00102ddc40708PRODUCTIONaMESbMEScECO d2019-02-20g895.00l0o338.910954 KEL/Tp34567r2019-02-20 00:00:00w2019-02-20yBKzGL8R3 c11084d1108416538811OSt20200104110736.0101116s2010 ii b 101 0 eng  a 2010308177 a9788125038641 aI-E-2010-308177; 63-91; 79-92; 49-91 bLibrary of Congress -- New Delhi Overseas Office aDLCcoclcdDLC alcodeapcc aa-ii---00aHG3971b.I513 2010 a338.910954bKEL/T2 aIndependent People's Tribunal on the Impact of the World Bank Group in Indian(1st :d2007 :cNew Delhi, India)04aThe World Bank in India :bundermining sovereignty, distorting development /cMichele Kelley & Deepika D'Souza. aNew Delhi :bOrient BlackSwan,c2010. axxvii, 507 p. ;c25 cm. aIncludes bibliographical references and index. aReport of the first national Independent People's Tribunal on the Impact of the World Bank Group in India, held in New Delhi from September 21-24, 2007.20aWorld BankzIndia. 0aEconomic assistancezIndiaxEvaluation. 0aIndiaxEconomic conditionsy1991- aKelley, Michele 910341 aD'souza, Deepika91068 a7bcbccorigoded3encipf20gy-gencatlg 2ddccBKh338.910954iKEL/Tk338.910954mKEL/T